Регионална библиотека "Любен Каравелов" - Русе

Джон Гришам: Планината Грей (Запис номер 446518)

MARC детайли
000 -Лидер
Контролно поле с фиксирана дължина nkm a22 a 4500
003 - Код на организацията, давaща контролен номер
Контролно поле BLK
005 - Дата и час на последна редакция
Контролно поле 20220301091312.0
008 - Елементи от данни с фиксирана дължина
fixed length control field 220301b bu ||||| |||| 00| 0|bu d
040 ## - Източник на каталожния запис
Идентификатор на билиотеката - собственик на записа BLK
041 ## - Код за език
Код за езика на текст/звукозапис или на отделно заглавие Български
Код за езика КДБФ Български
080 ## - УДК
Текстов определител УДК Книга. Книгоиздание. Книгознание
УДК код - определител по УДК 002.19
УДК определител (084.5)
УДК - код + определител 002.19(084.5)
245 ## - Сведения за заглавието
Заглавие Джон Гришам: Планината Грей
Физически носител (вид на носителя) [Изобразителен материал]
Форма, вид, жанр Плакат
260 ## - Област на издателските данни
9 (RLIN) 209460
Място на издаване, разпространение и проч. София
Име на издателя, разпространителя и проч. Обсидиан
Година на издаване 2014
Издателство - префикс ISBN 978-954-769- ; 954-8240-
300 ## - Физическа характеристика
Страници 1 л.
Илюстрации и др. цв. печ.
Размери/Мащаб 44х30 см
380 ## - Жанр
Жанр Общ отдел
500 ## - Общи забележки
Забележка Джон Гришам има нова героиня и тя е пълна с изненади.
600 14 - Име на лице, използвано като предмет
9 (RLIN) 56458
За него / За нея Гришам, Джон
653 #7 - Ключова дума – ненормативна
9 (RLIN) 180787
Ключова дума американска литература
852 ## - Местоположение
Форматна сигнатура Цб III 625
Фондова буква Хранилище
999 ## - СИСТЕМНИ КОНТРОЛНИ НОМЕРА
Koha biblionumber 446518
Koha biblioitemnumber 446518
942 ## - АРТИКУЛИ
Вид на библиотечния материал Листова графика
Скрит в OPAC Не
Периодичен библиозапис Да
944 ## - СЪЗДАВАНЕ И РЕДАКЦИЯ на ЗАПИСА
Създаване/Редакция Създаване
Дата на регистрацията/редакция 2022-03-01
Служител, извършил регистрацията/редакцията А.М.
Наличности
Код за отписване Код за изгубен артикул Източник на класификационната схема Код за повреда Коз за рестрикции Код за отдаване Артикулен № Име на библиотеката - собственик Име на библиотеката, в която се намира в момента Статус (Текущо местоположение) Дата на вписване в системата Местоположение - отдел Цена в лева Систематично азбучна сигнатура Баркод Цена в евро Служебен тип на артикула
  Не е изгубен Universal Decimal Classification Не е повреден само за читалня ползва се в читалня 874382 Регионална библиотека "Любен Каравелов" Русе Регионална библиотека "Любен Каравелов" Русе Хранилище 2022-03-09 Основен фонд - ползва се само за читалня 3.00 Цб ІІІ 625 120000867301 1.53 Листова графика
Vip Innovations Ltd, Rousse, Bulgaria 2025